Bramkarze Evertonu FC w XXI wieku - Statystyki

Ogólne statystyki
  • Ten quiz został rozwiązany 66 razy
    19 od ostatniego zresetowania
  • Średni wynik to 5 z 18
Statystyki odpowiedzi
Lata gry Narodowość Nazwisko % Poprawnych
2021-2023 Bośnia i Hercegowina Asmir Begović
95%
2017- Anglia Jordan Pickford
95%
2020-2021 Szwecja Robin Olsen
68%
2006-2016 Stany Zjednoczone Tim Howard
68%
2016-2020 Holandia Maarten Stekelenburg
63%
2013-2018 Hiszpania Joel Robles
47%
2010-2013 Słowacja Jan Mucha
32%
2018-2025 Portugalia João Virgínia
16%
2002-2007 Anglia Richard Wright
11%
2006-2008 Anglia John Ruddy
5%
2003-2006 Anglia Nigel Martyn
5%
1997-2001 Norwegia Thomas Myhre
5%
2003 Norwegia Espen Baardsen
0%
2003-2010 Szkocja Iain Turner
0%
1996-2002 Anglia Paul Gerrard
0%
2006 Holandia Sander Westerveld
0%
2007-2008 Niemcy Stefan Wessels
0%
1999-2003 Anglia Steve Simonsen
0%
Nie znaleziono quizów pasujących do podanych kryteriów
Rozkład punktacji
Procent ludzi z każdym wynikiem
Percentyl według liczby udzielonych odpowiedzi
Twoja historia wyników
Nie rozwiązałeś tego quizu od ostatniego zresetowania